[Event "5MCR_3DW_1L_1S"]
[Site "ČR"]
[Date "2013.??.??"]
[Round "?"]
[White "Vesely, Emanuel"]
[Black "Vozda, Jindrich"]
[Result "1/2-1/2"]
[WhiteElo "2196"]
[BlackElo "2435"]
[PlyCount "66"]
[EventDate "2013.??.??"]
[EventType "corr"]

1. e4 e5 2. Nf3 Nc6 3. Bb5 a6 4. Ba4 Nf6 5. O-O Be7 6. Re1 b5 7. Bb3 O-O 8. c3
Re8 9. a4 Bb7 10. d3 h6 11. Nbd2 Bf8 12. Ba2 Nb8 13. d4 d6 14. Qb3 Qd7 15. Bb1
c6 16. h3 Qc8 17. Qd1 Nbd7 18. b3 Qc7 19. Bb2 Rad8 20. Qc2 Rb8 21. axb5 axb5
22. Qd3 Nh5 23. c4 Nf4 24. Qe3 b4 25. c5 Ne6 26. cxd6 Bxd6 27. Nxe5 Nxe5 28.
dxe5 Bxe5 29. Bxe5 Qxe5 30. Ra7 Qd4 31. Nc4 Red8 32. e5 c5 33. Qc1 Nf4 1/2-1/2

[Event "5MCR_3DW_1L_1S"]
[Site "ČR"]
[Date "2013.??.??"]
[Round "?"]
[White "Vesely, Emanuel"]
[Black "Mudra, Oldrich"]
[Result "1-0"]
[WhiteElo "2196"]
[BlackElo "2137"]
[PlyCount "85"]
[EventDate "2013.??.??"]
[EventType "corr"]

1. e4 e5 2. Nf3 Nf6 3. Nxe5 d6 4. Nf3 Nxe4 5. Bd3 d5 6. O-O Nc5 7. Re1+ Be7 8.
Bf1 O-O 9. d4 Ne4 10. c4 Bb4 11. Re3 f5 12. cxd5 Nd7 13. Qb3 Bd6 14. Nc3 Ndf6
15. Re1 a5 16. a4 Kh8 17. g3 b6 18. Ne5 Bb7 19. Bc4 Bb4 20. f3 Nd6 21. Nc6 Bxc6
22. dxc6 Nxc4 23. Qxc4 Re8 24. Bg5 Bxc3 25. Rxe8+ Qxe8 26. bxc3 Rd8 27. Kf2 Qg8
28. Qxg8+ Kxg8 29. Rd1 Rd6 30. Bxf6 Rxf6 31. d5 Rd6 32. f4 Kf7 33. Ke3 Ke7 34.
c4 Rh6 35. Rd2 Kd8 36. Kd4 Rf6 37. c5 bxc5+ 38. Kxc5 Kc8 39. Re2 Rf8 40. Re7
Rd8 41. Rxg7 h6 42. d6 Rxd6 43. Rg8+ 1-0

[Event "5MCR_3DW_1L_1S"]
[Site "ČR"]
[Date "2013.??.??"]
[Round "?"]
[White "Bultman, Milan"]
[Black "Pecka, Josef"]
[Result "1/2-1/2"]
[WhiteElo "2312"]
[BlackElo "2396"]
[PlyCount "65"]
[EventDate "2013.??.??"]
[EventType "corr"]

1. e4 c5 2. Nf3 d6 3. d4 cxd4 4. Nxd4 Nf6 5. Nc3 a6 6. Be3 e5 7. Nb3 Be6 8. Qd2
Nbd7 9. a4 Be7 10. Be2 Nb6 11. O-O O-O 12. a5 Nc4 13. Bxc4 Bxc4 14. Rfd1 Rc8
15. Nc1 Be6 16. f3 Qc7 17. Kh1 h6 18. Qe1 Qb8 19. Bf2 Rfd8 20. Nd3 Re8 21. Nb4
Rc4 22. Nba2 d5 23. exd5 Bf5 24. Rd2 Bd8 25. Nc1 e4 26. Re2 Bc7 27. fxe4 Bxe4
28. Nd3 Qd8 29. Bg1 Qc8 30. Qf1 Bh7 31. Rxe8+ Qxe8 32. Nc5 Rb4 33. Nd3 1/2-1/2

[Event "5MCR_3DW_1L_1S"]
[Site "ČR"]
[Date "2013.??.??"]
[Round "?"]
[White "Mudra, Oldrich"]
[Black "Zahour, Jiri"]
[Result "1/2-1/2"]
[WhiteElo "2137"]
[BlackElo "2377"]
[PlyCount "120"]
[EventDate "2013.??.??"]
[EventType "corr"]

1. d4 Nf6 2. c4 e6 3. g3 c5 4. d5 exd5 5. cxd5 d6 6. Nc3 g6 7. Nf3 Bg7 8. Bg2
O-O 9. O-O Re8 10. Bf4 Bf5 11. Qb3 Na6 12. Nd2 Nh5 13. Be3 Rb8 14. Nb5 Nc7 15.
a4 a6 16. Nxc7 Qxc7 17. Nc4 b6 18. Bd2 b5 19. axb5 axb5 20. Ne3 Bd7 21. Ra2 Ra8
22. Rfa1 Qb7 23. Bf3 Nf6 24. Bc3 Reb8 25. Kg2 Rxa2 26. Qxa2 b4 27. Bxf6 Bxf6
28. Nc4 b3 29. Qa5 Bg4 30. Rd1 Qe7 31. Qa6 Bd7 32. Rb1 Rb4 33. Nxd6 h5 34. h4
Be5 35. Ne4 Bf5 36. d6 Bxd6 37. Rd1 Be5 38. Ng5 Kg7 39. Qc6 Rb8 40. Be4 Bc8 41.
Rd2 Bf6 42. Bf3 Bxg5 43. hxg5 Be6 44. Bd5 Rd8 45. e4 Qxg5 46. Rd3 Bxd5 47. Rxd5
Rxd5 48. exd5 Qc1 49. d6 Qxb2 50. Qxc5 Qd2 51. Qe5+ Kh7 52. Qb5 Qxd6 53. Qxb3
Qc6+ 54. Kg1 Qe6 55. Qf3 Kg7 56. Qd3 Qe1+ 57. Kg2 Qe5 58. Kg1 Qe1+ 59. Kg2 Qe5
60. Kg1 Qe1+ 1/2-1/2

[Event "5MCR_3DW_1L_1S"]
[Site "ČR"]
[Date "2013.??.??"]
[Round "?"]
[White "Zahour, Jiri"]
[Black "Mudra, Oldrich"]
[Result "1-0"]
[WhiteElo "2377"]
[BlackElo "2137"]
[PlyCount "119"]
[EventDate "2013.??.??"]
[EventType "corr"]

1. e4 e5 2. Nf3 Nf6 3. d4 Nxe4 4. Bd3 d5 5. Nxe5 Nd7 6. Nc3 Nxc3 7. bxc3 Nxe5
8. dxe5 Be7 9. O-O O-O 10. Be3 f6 11. Qh5 f5 12. f4 c6 13. Kh1 Rf7 14. a4 Qa5
15. c4 Be6 16. Qe2 Bc5 17. cxd5 Bxd5 18. Bd2 Bb4 19. Bxb4 Qxb4 20. a5 Qc5 21.
h3 g6 22. Ra4 Rd8 23. Kh2 Kg7 24. Rb1 Re7 25. Bc4 Bxc4 26. Qxc4 Qxc4 27. Rxc4
a6 28. Rcb4 Rdd7 29. Kg3 Kf7 30. h4 h6 31. Kf3 g5 32. g3 Kg6 33. Ke3 Kh5 34.
Rd4 gxf4+ 35. gxf4 Rg7 36. Rxd7 Rxd7 37. Kf3 Kg6 38. Rg1+ Kf7 39. h5 Rd5 40.
Rg6 Rxa5 41. Rf6+ Kg7 42. Rxf5 Rc5 43. Rf6 a5 44. Rg6+ Kf7 45. Rxh6 a4 46. Rh7+
Ke6 47. Rxb7 Rc3+ 48. Kg4 Rxc2 49. h6 Rc1 50. h7 Rg1+ 51. Kh5 a3 52. Ra7 Kf5
53. Rf7+ Ke6 54. Rf6+ Kd5 55. Rd6+ Ke4 56. Rd2 Rh1+ 57. Kg6 Rg1+ 58. Kf6 Rh1
59. e6 Rxh7 60. e7 1-0

[Event "5MCR_3DW_1L_1S"]
[Site "ČR"]
[Date "2013.??.??"]
[Round "?"]
[White "Mudra, Oldrich"]
[Black "Nyvlt, Zdenek"]
[Result "1/2-1/2"]
[WhiteElo "2137"]
[BlackElo "2410"]
[PlyCount "102"]
[EventDate "2013.??.??"]
[EventType "corr"]

1. d4 Nf6 2. c4 e6 3. Nf3 b6 4. g3 Ba6 5. b3 Bb4+ 6. Bd2 Be7 7. Bg2 c6 8. Bc3
Ne4 9. O-O d5 10. Ne5 Nxc3 11. Nxc3 O-O 12. Rc1 Bb7 13. e4 dxc4 14. Nxc4 b5 15.
Ne3 Qb6 16. d5 Ba3 17. Rc2 Na6 18. dxe6 fxe6 19. Qg4 Bc5 20. Qxe6+ Kh8 21. Ncd1
Nb4 22. Rd2 Rad8 23. Rxd8 Qxd8 24. a3 Bc8 25. Qe5 Nd3 26. Qc3 Qd4 27. Qd2 Rd8
28. b4 Bb6 29. Qc2 Qa1 30. Nd5 cxd5 31. Qxd3 dxe4 32. Qxe4 Qxa3 33. Ne3 Qb3 34.
Rc1 Qb2 35. Rd1 Rf8 36. Bf3 h6 37. Kg2 Bxe3 38. Qxe3 Qxb4 39. Rd4 Qb1 40. Rd6
Qf5 41. Bd5 Qh5 42. Qd4 a5 43. h4 a4 44. f3 Bf5 45. Qb2 Rb8 46. Bc6 Bh7 47. Rd7
Rg8 48. Rd6 Rc8 49. Rd7 Rg8 50. Rd6 Rb8 51. Qd4 Rg8 1/2-1/2

[Event "5MCR_3DW_1L_1S"]
[Site "ČR"]
[Date "2013.??.??"]
[Round "?"]
[White "Bultman, Milan"]
[Black "Mudra, Oldrich"]
[Result "1/2-1/2"]
[WhiteElo "2312"]
[BlackElo "2137"]
[PlyCount "97"]
[EventDate "2013.??.??"]
[EventType "corr"]

1. e4 e5 2. Nf3 Nf6 3. Nxe5 d6 4. Nf3 Nxe4 5. d4 d5 6. Bd3 Be7 7. O-O Nc6 8.
Re1 Bf5 9. Nbd2 Nxd2 10. Qxd2 Bxd3 11. Qxd3 O-O 12. c3 Qd7 13. Bf4 Rae8 14. Qb5
b6 15. h3 Bd6 16. Bxd6 Qxd6 17. Rac1 g6 18. a3 Kg7 19. Rxe8 Rxe8 20. c4 Re4 21.
Qxd5 Qxd5 22. cxd5 Nxd4 23. Rxc7 Nxf3+ 24. gxf3 Re1+ 25. Kg2 Rb1 26. b4 a5 27.
bxa5 bxa5 28. Rc5 a4 29. Ra5 Rd1 30. Rxa4 Rxd5 31. Kg3 h5 32. Rb4 Rd3 33. a4
Ra3 34. h4 Kf6 35. Rb6+ Kf5 36. Rb5+ Ke6 37. Rb6+ Kf5 38. Rb5+ Ke6 39. Ra5 Ra2
40. f4 Kf6 41. f3 Ra1 42. f5 g5 43. Ra6+ Ke5 44. hxg5 h4+ 45. Kg4 Rg1+ 46. Kh3
Kf4 47. g6 Kxf3 48. Kxh4 Kf4 49. Kh3 1/2-1/2

[Event "5MCR_3DW_1L_1S"]
[Site "ČR"]
[Date "2013.??.??"]
[Round "?"]
[White "Canibal, Jaromir"]
[Black "Vesely, Emanuel"]
[Result "0-1"]
[WhiteElo "2380"]
[BlackElo "2196"]
[PlyCount "98"]
[EventDate "2013.??.??"]
[EventType "corr"]

1. e4 c5 2. Ne2 Nc6 3. Nbc3 Nf6 4. d4 cxd4 5. Nxd4 e5 6. Ndb5 d6 7. Bg5 a6 8.
Na3 b5 9. Bxf6 gxf6 10. Nd5 f5 11. Bd3 Be6 12. O-O Bxd5 13. exd5 Ne7 14. Nxb5
Bg7 15. Nc3 e4 16. Bc4 O-O 17. Qd2 Ng6 18. Bb3 Re8 19. Ba4 Re5 20. Rae1 Qh4 21.
Qd1 Rb8 22. Re3 Qe7 23. Qe1 h5 24. Kh1 h4 25. f4 exf3 26. Rfxf3 Rxe3 27. Rxe3
Qg5 28. Bb3 Bd4 29. Rf3 Ne5 30. Rf1 Ng4 31. h3 Ne3 32. Rf2 Re8 33. Ne2 Nd1 34.
Rf1 Nxb2 35. Qc1 Qxc1 36. Nxc1 a5 37. c3 Bxc3 38. Bc2 Nc4 39. Bxf5 Ne3 40. Bd7
Re7 41. Rf3 Nxd5 42. Bb5 Re1+ 43. Rf1 Rxf1+ 44. Bxf1 Bb2 45. Nd3 Bd4 46. Nc1
Be3 47. Ne2 a4 48. g3 a3 49. gxh4 Nb4 0-1

[Event "5MCR_3DW_1L_1S"]
[Site "ČR"]
[Date "2013.??.??"]
[Round "?"]
[White "Canibal, Jaromir"]
[Black "Pecka, Josef"]
[Result "1/2-1/2"]
[WhiteElo "2380"]
[BlackElo "2396"]
[PlyCount "66"]
[EventDate "2013.??.??"]
[EventType "corr"]

1. e4 c5 2. Ne2 a6 3. Nbc3 d6 4. d4 cxd4 5. Nxd4 Nf6 6. Be3 e6 7. f3 b5 8. Qd2
Nbd7 9. g4 b4 10. Nce2 h6 11. O-O-O Qc7 12. Qxb4 d5 13. Qc3 Qxc3 14. Nxc3 e5
15. Nb3 d4 16. Nxd4 exd4 17. Bxd4 Bc5 18. Bc4 Bxd4 19. Rxd4 Ne5 20. Be2 g5 21.
h4 O-O 22. Nd5 Nxd5 23. exd5 Ng6 24. hxg5 hxg5 25. c4 Nf4 26. Kd2 a5 27. b3 Kg7
28. Bd1 Bd7 29. Kc3 Rfd8 30. Rd2 Rac8 31. Kb2 Re8 32. Rdh2 Re3 33. Rh7+ Kg8
1/2-1/2

[Event "5MCR_3DW_1L_1S"]
[Site "ČR"]
[Date "2013.??.??"]
[Round "?"]
[White "Pecka, Josef"]
[Black "Vesely, Emanuel"]
[Result "1/2-1/2"]
[WhiteElo "2396"]
[BlackElo "2196"]
[PlyCount "109"]
[EventDate "2013.??.??"]
[EventType "corr"]

1. e4 c5 2. Nf3 Nc6 3. d4 cxd4 4. Nxd4 Nf6 5. Nc3 e5 6. Ndb5 d6 7. Bg5 a6 8.
Na3 b5 9. Nd5 Be7 10. Bxf6 Bxf6 11. c3 O-O 12. Nc2 Bg5 13. a4 bxa4 14. Rxa4 a5
15. Bc4 Rb8 16. b3 Kh8 17. Nce3 g6 18. h4 Bxh4 19. g3 Bg5 20. Ra2 Bxe3 21. Nxe3
Be6 22. Rd2 Qc7 23. Qf3 Qe7 24. Rxd6 Bxc4 25. Nxc4 Rfc8 26. Kf1 Kg8 27. Qe3
Rxb3 28. Kg2 Qf8 29. Rf6 Nd8 30. Nxe5 Qg7 31. Ng4 Rbxc3 32. Qd2 Kh8 33. Rd6 Ne6
34. e5 Rc2 35. Qe3 R8c3 36. Rd3 Rxd3 37. Qxd3 Rc8 38. Nf6 Rd8 39. Qf3 h6 40.
Qe3 h5 41. Rb1 a4 42. Rb7 g5 43. Qa7 Rf8 44. Qxa4 Qg6 45. Qb3 g4 46. Qe3 Kg7
47. Ne4 Qf5 48. Nd6 Qc2 49. Rb3 Qc6+ 50. Kg1 Qc2 51. Rc3 Qg6 52. Rc6 Ra8 53.
Kg2 Kh7 54. Rb6 Ra1 55. Rb7 1/2-1/2

[Event "5MCR_3DW_1L_1S"]
[Site "ČR"]
[Date "2014.??.??"]
[Round "?"]
[White "Nyvlt, Zdenek"]
[Black "Mudra, Oldrich"]
[Result "1-0"]
[WhiteElo "2410"]
[BlackElo "2137"]
[PlyCount "107"]
[EventDate "2013.??.??"]
[EventType "corr"]

1. Nf3 Nf6 2. c4 e6 3. g3 g6 4. Bg2 Bg7 5. d4 d5 6. O-O O-O 7. Nc3 Nc6 8. b3 b6
9. Bf4 Bb7 10. cxd5 Nxd5 11. Nxd5 exd5 12. Rc1 Re8 13. h4 a5 14. e3 Qd7 15. Rc3
Bf8 16. Nh2 Rac8 17. Qf3 Qe6 18. g4 Bb4 19. Rc2 Ne7 20. Rxc7 Rxc7 21. Bxc7 Rc8
22. Be5 Rc2 23. g5 Kf8 24. Ra1 Nf5 25. Qf4 h5 26. gxh6 f6 27. Nf3 Kg8 28. Bh3
fxe5 29. dxe5 Qf7 30. Ng5 Qf8 31. h7+ Kh8 32. h5 Nh6 33. hxg6 Rc6 34. Qxf8+
Bxf8 35. e6 Kg7 36. f4 Bc5 37. Kh2 Be7 38. Rd1 Rc8 39. Nf7 Nxf7 40. exf7 Rf8
41. f5 Bd6+ 42. Kg1 Be5 43. Kf2 Bc6 44. Bg2 Bd7 45. e4 Bc6 46. exd5 Bd7 47. Be4
Bd6 48. Kf3 Rh8 49. Rg1 Be5 50. d6 Rf8 51. Rh1 Rh8 52. Rc1 Rf8 53. Kg4 Bc8 54.
Kg5 1-0

[Event "5MCR_3DW_1L_1S"]
[Site "ČR"]
[Date "2014.??.??"]
[Round "?"]
[White "Canibal, Jaromir"]
[Black "Vozda, Jindrich"]
[Result "1/2-1/2"]
[WhiteElo "2380"]
[BlackElo "2435"]
[PlyCount "53"]
[EventDate "2013.??.??"]
[EventType "corr"]

1. e4 e5 2. Nf3 Nc6 3. Bc4 Nf6 4. d3 Bc5 5. c3 a6 6. Bb3 d6 7. Nbd2 O-O 8. h3
Be6 9. O-O Re8 10. Bxe6 Rxe6 11. Qc2 a5 12. Rd1 h6 13. Nf1 d5 14. Be3 Bf8 15.
Ng3 Qd7 16. Rac1 Ree8 17. a4 Rad8 18. Re1 b6 19. Rcd1 Qd6 20. Qb3 Qe6 21. Qc2
dxe4 22. dxe4 Rxd1 23. Rxd1 Rd8 24. Qe2 Rxd1+ 25. Qxd1 Nd7 26. b3 Ncb8 27. Nf1
1/2-1/2

[Event "5MCR_3DW_1L_1S"]
[Site "ČR"]
[Date "2014.??.??"]
[Round "?"]
[White "Vesely, Emanuel"]
[Black "Pecka, Josef"]
[Result "1-0"]
[WhiteElo "2196"]
[BlackElo "2396"]
[PlyCount "125"]
[EventDate "2013.??.??"]
[EventType "corr"]

1. d4 Nf6 2. c4 e6 3. Nc3 Bb4 4. e3 O-O 5. Bd3 d5 6. Nf3 c5 7. O-O Nc6 8. a3
Bxc3 9. bxc3 Qc7 10. Bb2 Na5 11. cxd5 exd5 12. Ne5 c4 13. Bc2 Ne4 14. f3 Nd6
15. a4 f6 16. Ba3 Re8 17. Ng4 Nf7 18. e4 Bxg4 19. fxg4 dxe4 20. Qe2 Re6 21. Rf3
Rae8 22. Re3 g6 23. Re1 Kg7 24. Qf2 Qc6 25. Qf4 Nb3 26. Rxe4 Rxe4 27. Rxe4 Qxa4
28. Be7 Qa1+ 29. Kf2 f5 30. Bf6+ Kxf6 31. Rxe8 Qxc3 32. Bxb3 cxb3 33. g5+ Kg7
34. Re7 Qb2+ 35. Kg3 Qc3+ 36. Kh4 Qc6 37. Rc7 Qd5 38. Qe5+ Qxe5 39. dxe5 b6 40.
Rc3 b2 41. Rb3 Nxe5 42. Rxb2 Kf7 43. Rc2 Ke6 44. Rc7 a5 45. Rb7 Nd7 46. Ra7 Kd6
47. Kg3 Kc6 48. Kf3 Nf8 49. h4 Nd7 50. Kf4 Kd6 51. Ke3 Ke7 52. Kd4 Ke6 53. g3
Kd6 54. Ra8 Ne5 55. Rd8+ Nd7 56. Rh8 Nc5 57. Rxh7 Ne6+ 58. Kc4 f4 59. gxf4 Nxf4
60. Rf7 Nh5 61. Kb5 Ke6 62. Rf3 Kd5 63. Kxb6 1-0

[Event "5MCR_3DW_1L_1S"]
[Site "ČR"]
[Date "2014.??.??"]
[Round "?"]
[White "Canibal, Jaromir"]
[Black "Zahour, Jiri"]
[Result "1/2-1/2"]
[WhiteElo "2380"]
[BlackElo "2377"]
[PlyCount "126"]
[EventDate "2013.??.??"]
[EventType "corr"]

1. e4 e5 2. Nf3 Nc6 3. Bb5 a6 4. Ba4 Nf6 5. O-O Be7 6. Re1 b5 7. Bb3 d6 8. c3
O-O 9. h3 Nb8 10. d4 Nbd7 11. c4 c6 12. Nc3 b4 13. Na4 c5 14. d5 Re8 15. a3 a5
16. Bc2 h6 17. b3 Nf8 18. Nb2 Bd7 19. Nd3 Ng6 20. Ra2 Qc8 21. Bd2 Bd8 22. Qe2
Qb7 23. Rea1 Bb6 24. Nh2 Reb8 25. Nf1 Ra7 26. a4 Re8 27. Ng3 Bd8 28. f4 exf4
29. Nxf4 Ne5 30. Nd3 Ng6 31. Qf2 Qc7 32. Rf1 Bc8 33. Raa1 Nh7 34. e5 Nxe5 35.
Rae1 Bh4 36. Re4 Bf6 37. Bf4 g6 38. Bxh6 Bh8 39. Nxe5 Rxe5 40. Bf4 Rxe4 41.
Nxe4 Bd4 42. Be3 Be5 43. Nd2 Qe7 44. Re1 Qe8 45. Nf3 Bc3 46. Bd2 Re7 47. Bxc3
bxc3 48. Kf1 Nf6 49. Rxe7 Qxe7 50. Qe2 Qxe2+ 51. Kxe2 Nh5 52. Ke3 Ng3 53. Kd3
Kg7 54. Kxc3 f5 55. Bd3 Kf6 56. Nd2 f4 57. Nb1 Bf5 58. Bxf5 Nxf5 59. Nd2 Nh4
60. Ne4+ Ke5 61. Ng5 Kf6 62. Ne4+ Ke5 63. Ng5 Kf6 1/2-1/2

[Event "5MCR_3DW_1L_1S"]
[Site "ČR"]
[Date "2014.??.??"]
[Round "?"]
[White "Canibal, Jaromir"]
[Black "Mudra, Oldrich"]
[Result "1/2-1/2"]
[WhiteElo "2380"]
[BlackElo "2137"]
[PlyCount "93"]
[EventDate "2013.??.??"]
[EventType "corr"]

1. e4 e5 2. Nf3 Nf6 3. Nxe5 d6 4. Nf3 Nxe4 5. d4 d5 6. Bd3 Nc6 7. O-O Be7 8. c4
Nb4 9. cxd5 Nxd3 10. Qxd3 Qxd5 11. Re1 Bf5 12. Nc3 Nxc3 13. Qxc3 Be6 14. Qxc7
Bd6 15. Qc3 O-O 16. Bd2 Rac8 17. Qd3 h6 18. a3 Bf5 19. Qe3 Qb5 20. Bc3 Rfe8 21.
Ne5 Qd5 22. Qf3 Qxf3 23. Nxf3 f6 24. g3 Kf7 25. Re3 Rxe3 26. fxe3 Bd3 27. Kf2
f5 28. Rd1 Be4 29. Nd2 Bd5 30. Ke2 Bxa3 31. Ra1 Be7 32. Rxa7 Ke6 33. Kd3 g6 34.
Ra1 b6 35. e4 fxe4+ 36. Nxe4 h5 37. Nd2 Bd6 38. Re1+ Kd7 39. Re3 Rf8 40. Nc4
Bxc4+ 41. Kxc4 Rf2 42. h3 Rg2 43. Rf3 Rxg3 44. Rf7+ Ke8 45. Rb7 g5 46. Rxb6 Bf4
47. Re6+ 1/2-1/2

[Event "5MCR_3DW_1L_1S"]
[Site "ČR"]
[Date "2014.??.??"]
[Round "?"]
[White "Vozda, Jindrich"]
[Black "Mudra, Oldrich"]
[Result "1-0"]
[WhiteElo "2435"]
[BlackElo "2137"]
[PlyCount "87"]
[EventDate "2013.??.??"]
[EventType "corr"]

1. e4 e5 2. Nf3 Nf6 3. Nc3 Nc6 4. Bb5 Bb4 5. O-O O-O 6. d3 d6 7. Ne2 Ne7 8. c3
Ba5 9. Ng3 c6 10. Ba4 Ng6 11. d4 Re8 12. Bc2 h6 13. h3 Be6 14. Be3 Qd7 15. Re1
Bb6 16. Qd2 Rad8 17. a4 Bc7 18. Rad1 Qe7 19. c4 a5 20. d5 Bc8 21. Nf5 Bxf5 22.
exf5 Nf8 23. Bxh6 gxh6 24. Qxh6 N8d7 25. Qg5+ Kf8 26. Qh4 Ng8 27. Ng5 Ndf6 28.
Be4 Rb8 29. Re3 Bb6 30. Rg3 Qc7 31. b3 Bd4 32. Rdd3 Qb6 33. Rdf3 cxd5 34. cxd5
Ke7 35. Nh7 Qd8 36. Rxg8 Rxg8 37. Qxf6+ Ke8 38. Qh6 Ke7 39. Qh5 Ke8 40. Bd3 Qc7
41. Nf6+ Ke7 42. Bc4 e4 43. Nxg8+ Rxg8 44. Rf4 1-0

[Event "5MCR_3DW_1L_1S"]
[Site "ČR"]
[Date "2014.??.??"]
[Round "?"]
[White "Mudra, Oldrich"]
[Black "Vozda, Jindrich"]
[Result "1-0"]
[WhiteElo "2137"]
[BlackElo "2435"]
[PlyCount "99"]
[EventDate "2013.??.??"]
[EventType "corr"]

1. d4 Nf6 2. c4 e6 3. Nf3 b6 4. g3 Ba6 5. b3 Bb4+ 6. Bd2 Be7 7. Bg2 c6 8. Bc3
d5 9. Ne5 Nfd7 10. Nxd7 Nxd7 11. O-O O-O 12. Nd2 f5 13. Rc1 Ba3 14. Rb1 Bd6 15.
b4 Nf6 16. Qc1 Rc8 17. c5 Bc7 18. Re1 f4 19. Bh3 fxg3 20. hxg3 Kh8 21. e4 Bd3
22. e5 Bxb1 23. Qxb1 bxc5 24. dxc5 d4 25. Ba1 Nd5 26. Bxe6 Rb8 27. Qe4 Re8 28.
Qf5 Rxb4 29. Nf3 Rf8 30. Qd3 Ne3 31. Qe4 Qe7 32. a3 Rb5 33. Ba2 Ba5 34. Bb1 Nf5
35. Rc1 Bc3 36. Bd3 Bxa1 37. Rxa1 Rb3 38. Nxd4 Rxd3 39. Nxf5 Qd8 40. e6 Qf6 41.
Re1 Rd5 42. e7 Re8 43. Nd6 Rxd6 44. cxd6 Qxd6 45. Qf3 Kg8 46. Qb3+ Qd5 47. Qb7
Qa5 48. Re3 Qd5 49. Qxa7 Rxe7 50. Qxe7 1-0

[Event "5MCR_3DW_1L_1S"]
[Site "ČR"]
[Date "2014.??.??"]
[Round "?"]
[White "Pecka, Josef"]
[Black "Canibal, Jaromir"]
[Result "1/2-1/2"]
[WhiteElo "2396"]
[BlackElo "2380"]
[PlyCount "95"]
[EventDate "2013.??.??"]
[EventType "corr"]

1. e4 e5 2. Nf3 Nc6 3. Bb5 a6 4. Ba4 Nf6 5. O-O Nxe4 6. d4 b5 7. Bb3 d5 8. dxe5
Be6 9. Nbd2 Be7 10. c3 O-O 11. Bc2 Nxd2 12. Qxd2 Qd7 13. Re1 Rfe8 14. Qf4 Bf8
15. Bd2 g6 16. Ng5 a5 17. Qh4 h6 18. Nxe6 Qxe6 19. f4 b4 20. Qf2 bxc3 21. Bxc3
Nb4 22. Bb1 Qb6 23. Qxb6 cxb6 24. a3 Na6 25. Ba2 Rad8 26. Red1 d4 27. Be1 Nc5
28. Kf2 Kg7 29. Rac1 g5 30. g3 Na4 31. Rd2 Nc5 32. Kf3 f6 33. exf6+ Kxf6 34.
Bf2 d3 35. Rc4 a4 36. h3 Kg7 37. Be3 Be7 38. Bd4+ Kh7 39. Bb1 Kg8 40. Be5 Bd6
41. Bc3 Bf8 42. Ba2 Kh7 43. Bf6 Rd7 44. Rd4 Rxd4 45. Bxd4 Bg7 46. Bxc5 bxc5 47.
b3 gxf4 48. gxf4 1/2-1/2

[Event "5MCR_3DW_1L_1S"]
[Site "ČR"]
[Date "2014.??.??"]
[Round "?"]
[White "Vozda, Jindrich"]
[Black "Canibal, Jaromir"]
[Result "1-0"]
[WhiteElo "2435"]
[BlackElo "2380"]
[PlyCount "71"]
[EventDate "2013.??.??"]
[EventType "corr"]

1. e4 d6 2. d4 Nf6 3. Nc3 e5 4. Nf3 Nbd7 5. a4 Be7 6. Bc4 O-O 7. O-O exd4 8.
Nxd4 Ne5 9. Ba2 Nc6 10. Re1 Nb4 11. Bc4 c5 12. Nf3 h6 13. Bd2 Bg4 14. Rc1 Nc6
15. h3 Bh5 16. Bf4 Re8 17. g4 Bg6 18. Nh4 Bh7 19. Nf5 Bxf5 20. gxf5 Ne5 21. Bb5
Rf8 22. Kh1 Kh8 23. Be2 a6 24. Rg1 Re8 25. Qd2 Bf8 26. f3 Qb6 27. Bg3 d5 28.
Nxd5 Nxd5 29. Qxd5 Rad8 30. a5 Qb4 31. Qb3 Qxb3 32. cxb3 Nd3 33. Rcd1 Nxb2 34.
Rxd8 Rxd8 35. Rb1 Rd2 36. Bc4 1-0

[Event "5MCR_3DW_1L_1S"]
[Site "ČR"]
[Date "2014.??.??"]
[Round "?"]
[White "Mudra, Oldrich"]
[Black "Pecka, Josef"]
[Result "0-1"]
[WhiteElo "2137"]
[BlackElo "2396"]
[PlyCount "132"]
[EventDate "2013.??.??"]
[EventType "corr"]

1. d4 Nf6 2. c4 e6 3. Nf3 b6 4. g3 Bb7 5. Bg2 c5 6. d5 exd5 7. Nh4 g6 8. O-O
Bg7 9. Nc3 d6 10. Nxd5 Nxd5 11. Bxd5 Nc6 12. Rb1 O-O 13. b3 Qd7 14. Bb2 Rad8
15. Re1 Nb4 16. Bxb7 Qxb7 17. Bxg7 Kxg7 18. a3 Nc6 19. e4 Rfe8 20. Qd3 Kg8 21.
Kg2 Ne5 22. Qd5 Qa6 23. Ra1 b5 24. f4 Nd7 25. Nf3 h6 26. Qd3 bxc4 27. bxc4 Nf6
28. Re2 Qc6 29. Rae1 a5 30. Kg1 a4 31. Nd2 Rb8 32. Rb1 Rxb1+ 33. Qxb1 h5 34. h3
Qd7 35. Qb2 Qe6 36. Kf2 h4 37. g4 Nd7 38. Qb5 Rd8 39. Qa5 Qf6 40. Kg2 Rb8 41.
Qxa4 Nf8 42. f5 Qc3 43. Nf1 Rb3 44. Ne3 Rxa3 45. Qe8 Qd3 46. Kf2 Ra1 47. fxg6
fxg6 48. Qc6 Ra7 49. Qd5+ Rf7+ 50. Ke1 Qc3+ 51. Qd2 Qe5 52. Rf2 Qxe4 53. Rxf7
Kxf7 54. Ke2 Qe5 55. Kf1 Qf4+ 56. Qf2 Qxf2+ 57. Kxf2 g5 58. Nd5 Nh7 59. Nb6 Ke6
60. Ke3 Nf6 61. Na4 Ke5 62. Nb2 d5 63. Nd3+ Kd6 64. cxd5 Kxd5 65. Ne1 c4 66.
Nf3 Nh7 0-1

[Event "5MCR_3DW_1L_1S"]
[Site "ČR"]
[Date "2014.??.??"]
[Round "?"]
[White "Bultman, Milan"]
[Black "Vozda, Jindrich"]
[Result "0-1"]
[WhiteElo "2312"]
[BlackElo "2435"]
[PlyCount "72"]
[EventDate "2013.??.??"]
[EventType "corr"]

1. e4 e5 2. Nf3 Nc6 3. Bb5 a6 4. Bxc6 dxc6 5. h3 Ne7 6. d3 Ng6 7. Be3 Bd6 8.
Nbd2 O-O 9. a3 a5 10. O-O a4 11. Re1 h6 12. Nf1 Re8 13. N3d2 c5 14. Ng3 Ra6 15.
Nf3 Be6 16. Qe2 Ne7 17. Nh5 Nc6 18. Reb1 Nd4 19. Qd1 Bd7 20. Ng3 Bf8 21. Rc1
Rg6 22. Nd2 Be6 23. Qh5 Be7 24. Nf3 Nxf3+ 25. Qxf3 Qd7 26. Nf5 Bf8 27. Rd1 b6
28. Rab1 Qc6 29. Kh2 Bc8 30. c4 Bxf5 31. Qxf5 Be7 32. Rd2 Qd6 33. Re1 Rd8 34.
Qh5 Bg5 35. Bxg5 Rxg5 36. Qf3 Rg6 0-1

[Event "5MCR_3DW_1L_1S"]
[Site "ČR"]
[Date "2014.??.??"]
[Round "?"]
[White "Nyvlt, Zdenek"]
[Black "Bultman, Milan"]
[Result "1-0"]
[WhiteElo "2410"]
[BlackElo "2312"]
[PlyCount "109"]
[EventDate "2013.??.??"]
[EventType "corr"]

1. d4 Nf6 2. c4 g6 3. Nc3 Bg7 4. e4 d6 5. Nf3 O-O 6. Be2 e5 7. O-O exd4 8. Nxd4
Re8 9. f3 Nc6 10. Be3 Nh5 11. Qd2 Nxd4 12. Bxd4 Nf4 13. Rf2 Be5 14. Bf1 Ne6 15.
Be3 b6 16. Rd1 Bb7 17. g3 Bxc3 18. Qxc3 Qe7 19. b4 a5 20. a3 Bc6 21. Bc1 f6 22.
Bb2 Rf8 23. Bg2 Rae8 24. f4 axb4 25. axb4 Qf7 26. Re2 Bb7 27. Ree1 Rb8 28. Qd2
Rfe8 29. Qc2 Rf8 30. Ra1 Ra8 31. Rxa8 Bxa8 32. Ra1 Bb7 33. Ra7 Bc6 34. f5 gxf5
35. exf5 Nd8 36. Bf1 Re8 37. Qc3 Qe7 38. b5 Bb7 39. Ba1 h5 40. Qd4 Qe1 41. Bc3
Qc1 42. Bd2 Qc2 43. Qd3 Qxd3 44. Bxd3 Re7 45. Kf2 Rd7 46. Be3 h4 47. g4 c5 48.
Be4 Kf8 49. g5 fxg5 50. Bxg5 Nf7 51. Bxh4 Bc6 52. bxc6 Rxa7 53. f6 Ne5 54. Bd5
Ke8 55. Bg5 1-0

[Event "5MCR_3DW_1L_1S"]
[Site "ČR"]
[Date "2014.??.??"]
[Round "?"]
[White "Nyvlt, Zdenek"]
[Black "Pecka, Josef"]
[Result "1/2-1/2"]
[WhiteElo "2410"]
[BlackElo "2396"]
[PlyCount "132"]
[EventDate "2013.??.??"]
[EventType "corr"]

1. d4 Nf6 2. c4 e6 3. g3 c5 4. d5 exd5 5. cxd5 d6 6. Nc3 g6 7. Nf3 Bg7 8. Bg2
O-O 9. O-O Re8 10. Bf4 Nh5 11. Bg5 Qb6 12. Qc1 Nd7 13. Re1 Rb8 14. a4 a6 15. e4
Qc7 16. Bh6 Bxh6 17. Qxh6 Nhf6 18. b3 Qd8 19. Qf4 Ne5 20. Nxe5 Rxe5 21. Qd2 Re8
22. f4 b5 23. a5 b4 24. Na4 Bd7 25. e5 Bxa4 26. Rxa4 Nh5 27. Bf1 Ra8 28. Ra2
Ng7 29. Bh3 Rb8 30. Re3 Kf8 31. Ra1 Rb5 32. exd6 Qxd6 33. Rxe8+ Nxe8 34. Bf1
Rb7 35. Qb2 Ng7 36. Re1 Rd7 37. Bc4 Qc7 38. Qa1 Rd6 39. Qe5 Qd8 40. Kg2 Rd7 41.
g4 Qxa5 42. Ra1 Qd8 43. Rxa6 Kg8 44. h3 Ne8 45. Rc6 Re7 46. Rc8 Qxc8 47. Qxe7
Qb8 48. Kf3 Nd6 49. Bd3 Qf8 50. Qc7 Ne8 51. Qe5 f6 52. Qe6+ Qf7 53. Qc6 Qe7 54.
d6 Nxd6 55. Qxc5 Qb7+ 56. Ke3 Qb8 57. h4 Kg7 58. Qd4 h6 59. Ke2 Qe8+ 60. Kd2
Qb8 61. h5 gxh5 62. gxh5 Kf7 63. Qc5 Kg7 64. Ke3 Nf7 65. Be4 Qe8 66. Qf5 Qe7
1/2-1/2

[Event "5MCR_3DW_1L_1S"]
[Site "ČR"]
[Date "2014.??.??"]
[Round "?"]
[White "Vozda, Jindrich"]
[Black "Bultman, Milan"]
[Result "1-0"]
[WhiteElo "2435"]
[BlackElo "2312"]
[PlyCount "81"]
[EventDate "2013.??.??"]
[EventType "corr"]

1. e4 c5 2. Nf3 d6 3. d4 cxd4 4. Nxd4 Nf6 5. Nc3 e6 6. g4 h6 7. h4 Nc6 8. Rg1
d5 9. exd5 Nxd5 10. Nxd5 exd5 11. Bb5 Bd7 12. Be3 Be7 13. g5 hxg5 14. hxg5 Rh4
15. Bxc6 bxc6 16. Qd2 Qc7 17. O-O-O O-O-O 18. Kb1 Bd6 19. g6 f6 20. Qd3 Rdh8
21. Nf5 Bxf5 22. Qxf5+ Kb7 23. Qd3 Qd7 24. f3 R8h5 25. Rge1 Ka8 26. Bf2 Rh2 27.
Bg1 R2h4 28. Qa6 Re5 29. Bf2 Rh2 30. Bxa7 Qb7 31. Qa4 Qb5 32. Qxb5 cxb5 33. Bd4
Rxe1 34. Rxe1 Kb7 35. c3 Kc6 36. a3 Kd7 37. Rg1 Ke6 38. Ka2 Rh3 39. Rf1 Rg3 40.
Kb3 Rxg6 41. a4 1-0